| 000 | 00564nam a22001937a 4500 | ||
|---|---|---|---|
| 003 | OSt | ||
| 005 | 20180116183032.0 | ||
| 008 | 151222b xxu||||| |||| 00| 0 eng d | ||
| 020 | _a04-2361-2010-1 | ||
| 024 | _204-2361-2010-1 | ||
| 040 | _cLahore LUMS | ||
| 082 | _a174.4 LUM 2010 | ||
| 100 | _aAHMAD F, HAQUE EU | ||
| 245 |
_aMOBILINK: PRICING UNDER COMPETITION _cAHMAD F, HAQUE EU |
||
| 260 |
_aLahore LUMS _b Lahore University of Management Sciences _c2010 |
||
| 300 |
_a22 p. _bPapers |
||
| 440 | _aMOBILINK: PRICING UNDER COMPETITION | ||
| 942 |
_2ddc _cCS |
||
| 999 |
_c351037 _d351037 |
||